Loading...
| Fine Arts - Classical Music | 1 | 20.00 | 100% | 100% | 0% |
| Fine Arts - Other Fine Arts | 1 | 20.00 | 100% | 100% | 0% |
| History - Other History | 1 | 20.00 | 100% | 100% | 0% |
| Literature - American Literature | 2 | 10.00 | 100% | 0% | 0% |
| Literature - European Literature | 2 | 15.00 | 100% | 50% | 0% |
| Literature - World Literature | 2 | 15.00 | 100% | 50% | 0% |
| Mythology | 1 | 10.00 | 100% | 0% | 0% |
| Religion | 2 | 20.00 | 100% | 100% | 0% |
| Science - Biology | 1 | 30.00 | 100% | 100% | 100% |
| Science - Chemistry | 2 | 15.00 | 100% | 50% | 0% |
| Science - Other Science | 1 | 10.00 | 100% | 0% | 0% |
| Science - Physics | 2 | 5.00 | 50% | 0% | 0% |
| Social Science | 2 | 20.00 | 100% | 50% | 50% |